Statistics for Famous Persons of WW2

Click here to take the quiz!

General Stats

  • This quiz has been taken 3,542 times
  • The average score is 10 of 15

Answer Stats

Hint Person % Correct
Nazi FuhereAdolf Hitler
100%
Soviet PremierJoseph Stalin
93%
British Prime MinisterWinston Churchill
92%
Italian DictatorBenito Mussolini
90%
Jewish girl hiding in Amsterdam, Netherlands, her diary later publishedAnne Frank
85%
Japanese EmperorHirohito
74%
Germany's "Desert Fox"Erwin Rommel
74%
Supreme Allied CommanderDwight Eisenhower
67%
Nazi Leader of the SSHeinrich Himmler
61%
US President (Until 1945)Franklin D. Roosevelt
57%
British Field MarshalBernard Montgomery
57%
A leader of the Free French ForcesCharles de Gaulle
55%
"Ol Blood and Guts"George S. Patton
52%
Main Soviet CommanderGeorgy Zhukov
31%
French President (Until 1940)Albert Lebrun
5%

Score Distribution

Percentile by Number Answered

Percent of People with Each Score

Your Score History

You have not taken this quiz